AH International Schools' Libraries

Physiology (KHMER) / (Record no. 50428)

MARC details
000 -LEADER
fixed length control field 00296nam a2200109 4500
020 ## - INTERNATIONAL STANDARD BOOK NUMBER
International Standard Book Number 9789924341239
100 ## - MAIN ENTRY--PERSONAL NAME
Personal name Tanaka, Esturo
9 (RLIN) 87374
245 ## - TITLE STATEMENT
Title Physiology (KHMER) /
Statement of responsibility, etc Etsuro Tanaka & Keiko Koyama
260 ## - PUBLICATION, DISTRIBUTION, ETC. (IMPRINT)
Place of publication, distribution, etc Cambodia
Name of publisher, distributor, etc Sipar
Date of publication, distribution, etc 2021
300 ## - PHYSICAL DESCRIPTION
Extent 226 p.
Other physical details col. ill.
Dimensions 23 cm.
942 ## - ADDED ENTRY ELEMENTS (KOHA)
Source of classification or shelving scheme
Koha item type Book
Holdings
Withdrawn status Lost status Source of classification or shelving scheme Damaged status Not for loan Collection code Home library Current library Date acquired Total Checkouts Full call number Barcode Date last seen Price effective from Koha item type
          Siem Riep Asian Hope Primary Library Asian Hope Primary Library 04/24/2026   KHMER 612.044 TAN 209377 04/24/2026 04/24/2026 Book

For any Logos Library related questions please contact Miss Art at swongnarasuk@asianhope.org.

For any Asian Hope Library related questions please contact Miss Raza at graza@asianhope.org.

Powered by Koha